Formula One: Most Starts Record Progression - Statistics

General Stats
  • This quiz has been taken 255 times
    239 since last reset
  • The average score is 8 of 12
Answer Stats
Record (Grand Prix starts) Driver Nationality Between % Correct
351- Fernando Alonso Spain October 2nd 2022-
99%
324-350 Kimi Räikkönen Finland September 27th 2020-October 2nd 2022
97%
34-51 Juan Manuel Fangio Argentina July 16th 1955-May 31st 1959
90%
257-323 Rubens Barrichello Brazil June 8th 2008-September 27th 2020
83%
17-33 Giuseppe Farina Italy July 19th 1952-July 16th 1955
79%
85-106 Jack Brabham Australia July 2nd 1967-July 6th 1969
68%
177-256 Riccardo Patrese Italy March 26th 1989-June 8th 2008
58%
107-175 Graham Hill United Kingdom July 6th 1969-July 13th1986
55%
176 Jacques Laffite France July 13th1986-March 26th 1989
45%
54-81 Maurice Trintignant France August 2nd 1959-October 23rd 1966
32%
82-84 Joakim Bonnier Sweden October 23rd 1966-July 2nd 1967
31%
52-53 Jean Behra France May 31st -August 2nd 1959
22%
No matching quizzes found
Score Distribution
Percent of People with Each Score
Percentile by Number Answered
Your Score History
You have not taken this quiz since the last reset